[Event "Landsturneringen NM i sjakk 2013"]
[Site "Radisson Blu Lillehammer Hotel"]
[Date "2013.06.29"]
[Round "1"]
[White "Haugsrud, Håkon"]
[Black "Tufta, Jon Gunnar"]
[Result "1-0"]
[WhiteElo "1870"]
[BlackElo "1740"]
[PlyCount "99"]
[EventDate "2013.??.??"]

1. e4 c5 2. c3 Nc6 3. d4 e6 4. Nf3 d5 5. exd5 Qxd5 6. Be3 cxd4 7. cxd4 Bb4+ 8.
Nc3 Qa5 9. Qb3 Nf6 10. Bc4 O-O 11. O-O a6 12. Rac1 b5 13. Bd3 Ne7 14. Ne4 Ned5
15. Ne5 Bb7 16. a3 Be7 17. Nc5 Bxc5 18. Rxc5 Nxe3 19. fxe3 Qd2 20. Rf2 Qe1+ 21.
Bf1 Ne4 22. Re2 Nxc5 23. dxc5 Bd5 24. Qc2 Qh4 25. e4 Bb7 26. Re3 Qf4 27. Qc3
Bxe4 28. Qd4 f5 29. Rg3 Rad8 30. Nd7 e5 31. Qd6 Rxd7 32. Qxd7 Qh6 33. h4 Qf6
34. Rc3 Bc6 35. Qc7 h5 36. Rd3 Rf7 37. Qc8+ Rf8 38. Qc7 Rf7 39. Qc8+ Rf8 40.
Qxa6 Be4 41. Rd6 Qxh4 42. Qxb5 Qe1 43. Qe2 Qc1 44. Qc4+ Qxc4 45. Bxc4+ Kh7 46.
b4 Ra8 47. c6 Rxa3 48. c7 Bb7 49. Rd8 Ra4 50. Bd5 1-0

[Event "Landsturneringen NM i sjakk 2013"]
[Site "Radisson Blu Lillehammer Hotel"]
[Date "2013.06.29"]
[Round "1"]
[White "Thorstensen, Espen"]
[Black "Garberg, Tore"]
[Result "1-0"]
[WhiteElo "1960"]
[BlackElo "1821"]
[PlyCount "95"]
[EventDate "2013.??.??"]

1. c4 e5 2. Nc3 Nf6 3. g3 d5 4. cxd5 Nxd5 5. Bg2 Nb6 6. Nf3 Nc6 7. d3 Be7 8.
O-O Be6 9. Re1 O-O 10. Bd2 f6 11. a4 Nd4 12. a5 Bb3 13. Qc1 Nd7 14. Nxd4 exd4
15. Nb5 Nc5 16. a6 Bd5 17. Bxd5+ Qxd5 18. Nxc7 Qf7 19. Nxa8 Nb3 20. Qc7 bxa6
21. Rxa6 Rxa8 22. Qb7 Re8 23. Bb4 Nc5 24. Bxc5 Bxc5 25. Qxf7+ Kxf7 26. Rc1 Bb6
27. Kf1 h5 28. Rc4 Re5 29. Rxb6 axb6 30. Rxd4 g5 31. f4 Rb5 32. b4 Kg6 33. e4
h4 34. Kg2 hxg3 35. hxg3 gxf4 36. gxf4 Kf7 37. Rc4 Ke7 38. Kf3 Kd6 39. Ke3 Rh5
40. Kd4 Rh4 41. b5 Rxf4 42. Rc6+ Ke7 43. Rxb6 Rf1 44. Kd5 Rb1 45. Rb7+ Kd8 46.
d4 Kc8 47. Rb6 Kc7 48. Rxf6 1-0

[Event "Landsturneringen NM i sjakk 2013"]
[Site "Radisson Blu Lillehammer Hotel"]
[Date "2013.06.29"]
[Round "1"]
[White "Aartun, Eivind"]
[Black "Lund, Terje"]
[Result "0-1"]
[WhiteElo "1800"]
[BlackElo "1925"]
[PlyCount "74"]
[EventDate "2013.??.??"]

1. e4 Nf6 2. e5 Nd5 3. c4 Nb6 4. c5 Nd5 5. Bc4 e6 6. d4 d6 7. cxd6 cxd6 8. Nf3
dxe5 9. dxe5 Nc6 10. O-O Be7 11. Qe2 Nb6 12. Rd1 Nd7 13. Nc3 a6 14. Ne4 O-O 15.
Bf4 Qa5 16. Nd6 Bxd6 17. Rxd6 Ne7 18. Rad1 Ng6 19. Qe3 Nxf4 20. Qxf4 Qc7 21.
Bd3 h6 22. Rc1 Qa5 23. Qe4 f5 24. Qd4 Nb8 25. b4 Qa4 26. Rd8 Nc6 27. Rxf8+ Kxf8
28. Qd6+ Kf7 29. Nd4 Nxd4 30. Qxd4 Bd7 31. g4 g6 32. Rc7 Ke8 33. Bc4 Rc8 34.
Rxc8+ Bxc8 35. gxf5 gxf5 36. Qd6 Qa3 37. Qd2 Qh3 0-1

[Event "Landsturneringen NM i sjakk 2013"]
[Site "Radisson Blu Lillehammer Hotel"]
[Date "2013.06.29"]
[Round "1"]
[White "Snellingen, Jørn"]
[Black "Hegvik, Leif Trygve"]
[Result "1-0"]
[WhiteElo "1901"]
[BlackElo "1770"]
[PlyCount "49"]
[EventDate "2013.??.??"]

1. d4 d5 2. c4 c6 3. Nc3 Nf6 4. Nf3 a6 5. Bf4 dxc4 6. a4 Nd5 7. Bxb8 Rxb8 8.
Ne5 e6 9. e4 Nxc3 10. bxc3 c5 11. Bxc4 cxd4 12. O-O Bd6 13. cxd4 O-O 14. f4 Bd7
15. Nxd7 Qxd7 16. f5 Bxh2+ 17. Kxh2 Qc7+ 18. e5 Qxc4 19. f6 gxf6 20. Rxf6 Rbd8
21. Rf4 Rd7 22. Rc1 Qa2 23. Qh5 Kh8 24. Qh6 Rfd8 25. Rg4
1-0

[Event "Landsturneringen NM i sjakk 2013"]
[Site "Radisson Blu Lillehammer Hotel"]
[Date "2013.06.29"]
[Round "1"]
[White "Opdahl, Andreas"]
[Black "Bjørnland, Svein"]
[Result "0-1"]
[WhiteElo "1750"]
[BlackElo "1872"]
[PlyCount "82"]
[EventDate "2013.??.??"]

1. e4 c6 2. d4 d5 3. Nc3 dxe4 4. Nxe4 Nd7 5. Bc4 Ngf6 6. Ng5 e6 7. N1f3 Nb6 8.
Bd3 h6 9. Ne4 Nbd5 10. a3 Nxe4 11. Bxe4 Nf6 12. Bd3 c5 13. O-O cxd4 14. Bb5+
Bd7 15. Bxd7+ Qxd7 16. Qxd4 Qxd4 17. Nxd4 Bd6 18. b3 Rd8 19. Bb2 O-O 20. Rad1
a6 21. c4 Rd7 22. Nc2 Rfd8 23. Ne3 Bc5 24. Rxd7 Rxd7 25. Rd1 Bxe3 26. Rxd7
Bxf2+ 27. Kxf2 Nxd7 28. Ke3 f5 29. b4 Kf7 30. c5 e5 31. Kd3 g5 32. a4 Ke6 33.
Kc4 g4 34. Bc1 f4 35. b5 axb5+ 36. axb5 Nf6 37. g3 f3 38. Be3 Nd5 39. Bg1 e4
40. c6 bxc6 41. bxc6 e3 0-1

[Event "Landsturneringen NM i sjakk 2013"]
[Site "Radisson Blu Lillehammer Hotel"]
[Date "2013.06.29"]
[Round "1"]
[White "Thrana, Svein Arne"]
[Black "Steinskog, Asbjørn O."]
[Result "0-1"]
[WhiteElo "1752"]
[BlackElo "1827"]
[PlyCount "74"]
[EventDate "2013.??.??"]

1. e4 c5 2. Nf3 d6 3. d4 cxd4 4. Nxd4 Nf6 5. Nc3 a6 6. Be2 e6 7. Be3 Be7 8. f4
Qc7 9. Qd2 b5 10. Bf3 Bb7 11. a3 Nbd7 12. Nb3 O-O 13. O-O Nc5 14. Nxc5 dxc5 15.
e5 Rfd8 16. Qf2 Nd5 17. Nxd5 Bxd5 18. Rad1 Qc6 19. Rxd5 exd5 20. f5 f6 21. e6
Qc7 22. Bh5 Bd6 23. Bf7+ Kf8 24. Qh4 h6 25. Bxh6 gxh6 26. Qxf6 Bxh2+ 27. Kh1
Be5 28. Qxh6+ Ke7 29. f6+ Kd6 30. Bh5 Rh8 31. Qg5 Rag8 32. Qf5 Qh7 33. g4 Qxf5
34. Rxf5 Kxe6 35. f7 Rxg4 36. f8=Q Rxf8 37. Bxg4 Rxf5
0-1

[Event "Landsturneringen NM i sjakk 2013"]
[Site "Radisson Blu Lillehammer Hotel"]
[Date "2013.06.29"]
[Round "1"]
[White "Saltnes, Trond Harald"]
[Black "Aubert, Carsten"]
[Result "0-1"]
[WhiteElo "1708"]
[BlackElo "1889"]
[PlyCount "88"]
[EventDate "2013.??.??"]

1. e4 e5 2. Nf3 Nc6 3. c3 Nf6 4. d4 Nxe4 5. d5 Nb8 6. Qe2 Nf6 7. Qxe5+ Be7 8.
Bc4 O-O 9. O-O d6 10. Qd4 c5 11. Qd1 Nbd7 12. Bd3 Nxd5 13. Bxh7+ Kxh7 14. Qxd5
Nf6 15. Ng5+ Kg8 16. Qd3 Qd7 17. Re1 Re8 18. c4 Qf5 19. Qxf5 Bxf5 20. Nc3 Bf8
21. Be3 Rad8 22. Rad1 Be6 23. Nxe6 fxe6 24. Bg5 Kf7 25. Re3 Rd7 26. h4 Ng8 27.
Rf3+ Kg6 28. Ne4 b6 29. Rdd3 d5 30. Nc3 d4 31. Ne4 Be7 32. Rg3 Bxg5 33. Rxg5+
Kh6 34. h5 Ne7 35. g4 Nc6 36. a3 Nd8 37. Rg6+ Kh7 38. Ng5+ Kh8 39. Rf3 d3 40.
h6 d2 41. hxg7+ Kg8 42. Ne4 d1=Q+ 43. Kg2 Rf7 44. Rh3 Rxg7 0-1

[Event "Landsturneringen NM i sjakk 2013"]
[Site "Radisson Blu Lillehammer Hotel"]
[Date "2013.06.29"]
[Round "1"]
[White "Ali, Karim"]
[Black "Johnsen, Sylvia"]
[Result "0-1"]
[WhiteElo "1601"]
[BlackElo "1912"]
[PlyCount "74"]
[EventDate "2013.??.??"]

1. d4 g6 2. Nf3 c6 3. c4 Nf6 4. Bf4 Bg7 5. Nc3 O-O 6. e3 d6 7. h3 Nbd7 8. Be2
c5 9. O-O Nh5 10. Bh2 cxd4 11. Nxd4 Nhf6 12. Rc1 a5 13. a3 Nc5 14. b4 axb4 15.
axb4 Na6 16. Qb3 Qb6 17. Rb1 Bd7 18. Rfd1 Nc7 19. Kh1 e5 20. Ndb5 Nxb5 21. Nxb5
Ne4 22. c5 Qc6 23. Kg1 dxc5 24. f3 Be6 25. Bc4 Bxc4 26. Qxc4 cxb4 27. Qxb4 Ng5
28. Qe1 Ra2 29. Rd2 Rxd2 30. Qxd2 Qxf3 31. h4 Ne4 32. Qe1 Qf5 33. Nc7 Rd8 34.
Rxb7 Qc8 35. Rb4 Nc5 36. Qc3 Qxc7 37. Rc4 Rd1+ 0-1

[Event "Landsturneringen NM i sjakk 2013"]
[Site "Radisson Blu Lillehammer Hotel"]
[Date "2013.06.29"]
[Round "1"]
[White "Hagen, Brede"]
[Black "Barane, Simon"]
[Result "0-1"]
[WhiteElo "1897"]
[BlackElo "1780"]
[PlyCount "48"]
[EventDate "2013.??.??"]

1. e4 c5 2. Nf3 d6 3. d4 cxd4 4. Nxd4 Nf6 5. Nc3 g6 6. Be3 Bg7 7. f3 O-O 8. Qd2
Nc6 9. O-O-O d5 10. exd5 Nxd5 11. Nxc6 bxc6 12. Bd4 e5 13. Bc5 Be6 14. Ne4 f5
15. Ng5 Bh6 16. h4 Re8 17. g3 Qc7 18. Kb1 Rab8 19. Nxe6 Qb7 20. c4 Bxd2 21.
Rxd2 Nc3+ 22. Kc2 Qxb2+ 23. Kd3 Rbd8+ 24. Bd4 Qa3
0-1

[Event "Landsturneringen NM i sjakk 2013"]
[Site "Radisson Blu Lillehammer Hotel"]
[Date "2013.06.29"]
[Round "1"]
[White "Tirado Gonzalez, Rafael"]
[Black "Theting, Helge E"]
[Result "1-0"]
[WhiteElo "1804"]
[BlackElo "1961"]
[PlyCount "177"]
[EventDate "2013.??.??"]

1. e4 g6 2. d4 Bg7 3. Nc3 d6 4. f4 a6 5. a4 b6 6. Bc4 e6 7. Nf3 Ne7 8. Be3 Bb7
9. Qd2 d5 10. Bb3 dxe4 11. Ng5 Nd5 12. Bxd5 exd5 13. O-O h6 14. Nh3 f5 15. Qf2
Qf6 16. Qd2 Nd7 17. Nf2 O-O 18. Nfd1 Qf7 19. Kh1 Nf6 20. Ne2 Ng4 21. h3 Nxe3
22. Nxe3 Rad8 23. a5 Qf6 24. c3 Qh4 25. Kh2 b5 26. b4 Bc8 27. g3 Qe7 28. Rf2
Be6 29. Nc1 Bf6 30. Nb3 g5 31. Nc5 Bc8 32. Rg1 Kh7 33. Rfg2 g4 34. hxg4 fxg4
35. Rh1 Rh8 36. Kg1 Kg8 37. Rh5 c6 38. Rgh2 Qg7 39. Kf2 Be7 40. Nc2 Rf8 41. Ke3
Bd6 42. Ne1 Rf6 43. Ng2 Qf7 44. Qe1 Kf8 45. Rh1 Ke7 46. Qg1 Kd8 47. Qh2 Bf8 48.
Kd2 Rg8 49. Qg1 Rf5 50. Rxf5 Qxf5 51. Nh4 Qf6 52. Qe3 h5 53. Nb3 Bh6 54. Ke2
Rf8 55. Rf1 Bg5 56. Rh1 Bh6 57. Ng2 Qf7 58. Na1 Bg7 59. Nc2 Rh8 60. Nh4 Bf6 61.
Rh2 Qg7 62. Kd2 Be6 63. Rh1 Kc7 64. Rh2 Kb7 65. Rh1 Rd8 66. Ng2 Bf7 67. Nh4 Qf8
68. Rh2 Qd6 69. Rh1 Qe6 70. Rh2 Qe7 71. Nf5 Qc7 72. Kc1 Bg6 73. Nh4 Be8 74. Kb2
Qd7 75. Rh1 c5 76. bxc5 Qc7 77. Nb4 Bxh4 78. gxh4 Bc6 79. f5 Rf8 80. Qg5 Qf7
81. Rf1 Be8 82. f6 Bc6 83. Qe5 Re8 84. Qd6 Re6 85. Qd8 Bd7 86. c6+ Bxc6 87.
Qb6+ Kc8 88. Nxc6 Rxf6 89. Rxf6 1-0

[Event "Landsturneringen NM i sjakk 2013"]
[Site "Radisson Blu Lillehammer Hotel"]
[Date "2013.06.29"]
[Round "1"]
[White "Olsen, Robin"]
[Black "Dyrnes, Jussi"]
[Result "1-0"]
[WhiteElo "1891"]
[BlackElo "1746"]
[PlyCount "91"]
[EventDate "2013.??.??"]

1. d4 Nf6 2. c4 e6 3. Nf3 b6 4. a3 Bb7 5. Nc3 Be7 6. d5 exd5 7. cxd5 O-O 8. e4
d6 9. Bd3 Nbd7 10. O-O Nc5 11. Bc2 a5 12. Re1 c6 13. h3 b5 14. dxc6 Bxc6 15.
Nd4 Qb6 16. Nxc6 Qxc6 17. Nd5 Nxd5 18. exd5 Qd7 19. Qh5 g6 20. Qf3 b4 21. Bh6
Rfc8 22. Rad1 Qd8 23. Bb1 Nd7 24. axb4 axb4 25. Qe4 Bf6 26. Qxb4 Ne5 27. b3
Rab8 28. Qa4 Ra8 29. Qb4 Rab8 30. Qa4 Rc3 31. Re3 Rxe3 32. Bxe3 Qc7 33. Bd3
Nxd3 34. Rxd3 Qc2 35. Qc4 Qb1+ 36. Kh2 Ra8 37. Bd4 Bxd4 38. Qxd4 Ra1 39. Rc3
Ra8 40. Qf6 Qe4 41. Qxd6 Qe1 42. Qf6 Qd2 43. d6 Qd5 44. Rc4 Qe6 45. Qxe6 fxe6
46. d7 1-0

[Event "Landsturneringen NM i sjakk 2013"]
[Site "Radisson Blu Lillehammer Hotel"]
[Date "2013.06.29"]
[Round "1"]
[White "Andersen, Øystein R."]
[Black "Edvardsen, Vidar"]
[Result "1-0"]
[WhiteElo "1823"]
[BlackElo "1763"]
[PlyCount "67"]
[EventDate "2013.??.??"]

1. c4 c5 2. g3 g6 3. Bg2 Bg7 4. Nc3 Nc6 5. Nf3 d6 6. O-O e5 7. d3 Nge7 8. Ne1
Be6 9. Nd5 O-O 10. Bg5 f6 11. Bd2 Bf7 12. Nc2 Nxd5 13. cxd5 Ne7 14. e4 b5 15.
a4 b4 16. a5 f5 17. Ne3 f4 18. Nc4 g5 19. d4 exd4 20. gxf4 gxf4 21. Qg4 Ng6 22.
Rac1 Qf6 23. Qf5 Rad8 24. Bh3 Rfe8 25. Kh1 Kh8 26. Rg1 Qxf5 27. Bxf5 Nh4 28.
Be6 Bg6 29. f3 Nxf3 30. Rxg6 hxg6 31. Bxf4 Be5 32. Nxe5 dxe5 33. Bg3 d3 34. b3
1-0

[Event "Landsturneringen NM i sjakk 2013"]
[Site "Radisson Blu Lillehammer Hotel"]
[Date "2013.06.29"]
[Round "1"]
[White "Nygaard, Timmie"]
[Black "Nilsen, Martin"]
[Result "0-1"]
[WhiteElo "1840"]
[BlackElo "1747"]
[PlyCount "34"]
[EventDate "2013.??.??"]

1. c4 c6 2. Nc3 Nf6 3. d4 d5 4. Bg5 g6 5. e3 Bg7 6. Nf3 O-O 7. Bd3 Be6 8. b3
Qa5 9. Qd2 c5 10. Bxf6 Bxf6 11. cxd5 cxd4 12. dxe6 dxe3 13. exf7+ Rxf7 14. Qxe3
Qxc3+ 15. Ke2 Qb2+ 16. Nd2 Nc6 17. Rad1 Bd4
0-1

[Event "Landsturneringen NM i sjakk 2013"]
[Site "Radisson Blu Lillehammer Hotel"]
[Date "2013.06.29"]
[Round "1"]
[White "Sætre, Roger"]
[Black "Stake-Larsen, Gunnar"]
[Result "0-1"]
[WhiteElo "1723"]
[BlackElo "1857"]
[PlyCount "70"]
[EventDate "2013.??.??"]

1. e4 e5 2. Nf3 Nc6 3. d4 exd4 4. Bc4 Nf6 5. e5 d5 6. Bb5 Ne4 7. Nxd4 Bd7 8.
Bxc6 bxc6 9. O-O Be7 10. f3 Nc5 11. Be3 O-O 12. b4 Nb7 13. c3 a5 14. Qb3 Rb8
15. a3 axb4 16. axb4 c5 17. bxc5 c6 18. c4 Na5 19. Qc3 Nxc4 20. Nb3 Nxe3 21.
Qxe3 Rxb3 22. Qxb3 Bxc5+ 23. Kh1 Bd4 24. Ra2 Bxe5 25. Rd1 Qh4 26. g4 Be6 27.
Re2 Bd6 28. Nd2 f5 29. Nf1 Qf6 30. Qb7 fxg4 31. Qxc6 Qxf3+ 32. Rg2 Qxd1 33. Kg1
Qd4+ 34. Ne3 Qxe3+ 35. Kh1 Rf1+
0-1

[Event "Landsturneringen NM i sjakk 2013"]
[Site "Radisson Blu Lillehammer Hotel"]
[Date "2013.06.29"]
[Round "1"]
[White "Ski, Ole Johan"]
[Black "Boger, Raymond"]
[Result "1-0"]
[WhiteElo "1812"]
[BlackElo "1922"]
[PlyCount "99"]
[EventDate "2013.??.??"]

1. e4 g6 2. Nc3 Bg7 3. Bc4 Nc6 4. a3 e5 5. d3 d6 6. Nf3 Nh6 7. Ng5 Nd4 8. Ne2
Nc6 9. c3 Qe7 10. O-O f6 11. Nf3 Bg4 12. Ne1 Be6 13. Bb5 O-O 14. f3 f5 15. Be3
f4 16. Bf2 g5 17. d4 Bf7 18. Nd3 Rfd8 19. d5 Nb8 20. c4 Bh5 21. c5 g4 22. cxd6
Rxd6 23. Be1 Qg5 24. fxg4 Nxg4 25. Qd2 Ne3 26. Rf2 Bh6 27. Nc5 Ng4 28. Ne6 Qe7
29. Rf3 c6 30. Bc4 Ne3 31. Rxe3 fxe3 32. Qc2 b5 33. Ba2 Na6 34. Ng3 Bg6 35. Nc5
cxd5 36. Nxa6 Rxa6 37. Bxd5+ Kh8 38. Bxa8 Qd8 39. Bb7 Rd6 40. Qc8 Qxc8 41. Bxc8
e2 42. Nxe2 Bxe4 43. Bc3 Be3+ 44. Kh1 Kg8 45. Bxe5 Rd2 46. Bg4 Kf7 47. h3 Kg6
48. Bf4 h5 49. Bxe3 Rxb2 50. Nf4+ 1-0

[Event "Landsturneringen NM i sjakk 2013"]
[Site "Radisson Blu Lillehammer Hotel"]
[Date "2013.06.29"]
[Round "1"]
[White "Johansen, Lars"]
[Black "Runde, Hans Arild"]
[Result "1-0"]
[WhiteElo "1822"]
[BlackElo "1929"]
[PlyCount "71"]
[EventDate "2013.??.??"]

1. e4 c5 2. Nf3 e6 3. d4 cxd4 4. Nxd4 Nc6 5. Nc3 Qc7 6. Be2 a6 7. O-O Nf6 8. a3
Bd6 9. g3 Nxd4 10. Qxd4 Be5 11. Qd3 Qc6 12. Bd2 O-O 13. Rae1 Bc7 14. Bf3 Be5
15. Bg2 Ne8 16. f4 Bc7 17. e5 d5 18. Ne2 Bb6+ 19. Kh1 g6 20. Bb4 Bc5 21. Nd4
Qc7 22. Bxc5 Qxc5 23. g4 Qc4 24. Qd2 h6 25. f5 exf5 26. gxf5 g5 27. h4 Kh7 28.
hxg5 Rg8 29. g6+ fxg6 30. f6 Nc7 31. e6 Nxe6 32. Nxe6 Bxe6 33. Rxe6 Qh4+ 34.
Kg1 Rge8 35. Qxd5 Rxe6 36. Qd7+
1-0

[Event "Landsturneringen NM i sjakk 2013"]
[Site "Radisson Blu Lillehammer Hotel"]
[Date "2013.06.29"]
[Round "1"]
[White "Rødvik, Trym Daniel"]
[Black "Solbu, Lasse Tveter"]
[Result "1-0"]
[WhiteElo "1869"]
[BlackElo "1767"]
[PlyCount "107"]
[EventDate "2013.??.??"]

1. e4 c5 2. Nf3 Nc6 3. Bb5 d6 4. Bxc6+ bxc6 5. O-O e5 6. c3 Be7 7. d4 Qc7 8.
dxe5 dxe5 9. c4 Nf6 10. Nc3 O-O 11. b3 Bg4 12. Ba3 Rad8 13. Qe2 Rd4 14. Qe3
Rfd8 15. Ne1 Qd6 16. f3 Bc8 17. Na4 Nd7 18. Rc1 Qg6 19. Nd3 Bg5 20. Qe2 Rxd3
21. Qxd3 Nb6 22. Qc3 Nxa4 23. bxa4 Bxc1 24. Rxc1 Qd6 25. Qe3 Qd2 26. Bxc5 Qxa2
27. Bxa7 Rd2 28. Qg5 f6 29. Qg3 Qxa4 30. Be3 Re2 31. Bh6 g6 32. h4 Kf7 33. Kh2
Be6 34. Rb1 Qa7 35. c5 Qd7 36. Rb8 Ba2 37. Rh8 Ke6 38. Qg4+ f5 39. exf5+ gxf5
40. Qg8+ Qf7 41. Qc8+ Kd5 42. Rd8+ Kxc5 43. Qa6 Rxg2+ 44. Kxg2 Qg6+ 45. Bg5 Bd5
46. Qa5+ Kc4 47. Rb8 Qd6 48. Qa2+ Kd4 49. Qd2+ Kc4 50. Qc2+ Kd4 51. Kf2 e4 52.
Bf6+ Qxf6 53. Qb2+ Kd3 54. Qxf6 1-0

[Event "Landsturneringen NM i sjakk 2013"]
[Site "Radisson Blu Lillehammer Hotel"]
[Date "2013.06.29"]
[Round "1"]
[White "Larsen, Tor Ketil"]
[Black "Christenson, Bjørn Aa"]
[Result "1/2-1/2"]
[WhiteElo "1940"]
[BlackElo "1771"]
[PlyCount "93"]
[EventDate "2013.??.??"]

1. e4 e5 2. Nf3 Nc6 3. Nc3 Nf6 4. a3 a5 5. d4 exd4 6. Nxd4 Bc5 7. Be3 Nxd4 8.
Bxd4 Qe7 9. Bxc5 Qxc5 10. Bd3 d6 11. O-O O-O 12. Nd5 Nxd5 13. exd5 g6 14. c4
Qd4 15. Qc2 Bd7 16. Rad1 Qf4 17. Qc3 Rfe8 18. Rfe1 b6 19. Qc2 Qf6 20. Re3 Rxe3
21. fxe3 Re8 22. Qf2 Qxf2+ 23. Kxf2 f5 24. Kf3 Kg7 25. b4 axb4 26. axb4 Ra8 27.
Rd2 Kf6 28. h4 h6 29. g3 Ra1 30. b5 Ra3 31. Bf1 Ke5 32. Bd3 g5 33. hxg5 hxg5
34. Kf2 Be8 35. Rd1 Ra2+ 36. Kg1 Bh5 37. Rf1 Bg4 38. Rf2 Ra3 39. Rd2 Bf3 40.
Kf2 g4 41. Bf1 Ra1 42. Rc2 Be4 43. Rd2 Rc1 44. Ra2 Rc2+ 45. Rxc2 Bxc2 46. Ke2
Be4 47. Kd2 1/2-1/2

[Event "Landsturneringen NM i sjakk 2013"]
[Site "Radisson Blu Lillehammer Hotel"]
[Date "2013.06.29"]
[Round "1"]
[White "Haveland, Bjørn"]
[Black "Gyldenås, Ole Jørn"]
[Result "1/2-1/2"]
[WhiteElo "1771"]
[BlackElo "1955"]
[PlyCount "87"]
[EventDate "2013.??.??"]

1. d4 Nf6 2. Nf3 d5 3. e3 e6 4. Bd3 c5 5. b3 Nc6 6. O-O Be7 7. Bb2 O-O 8. Nbd2
b6 9. a3 Bb7 10. Rc1 Rc8 11. c4 Re8 12. Ne5 cxd4 13. exd4 dxc4 14. Ndxc4 a6 15.
Re1 b5 16. Nxc6 Rxc6 17. Ne5 Rxc1 18. Qxc1 Qd5 19. f3 Qxb3 20. Bc2 Qd5 21. Re4
Rc8 22. Rh4 Qd8 23. Qd2 Bd6 24. Qd3 Bxe5 25. dxe5 Qxd3 26. Bxd3 g5 27. Rh3 Rd8
28. f4 Be4 29. exf6 Bxd3 30. fxg5 Bc4 31. Bc3 Rd5 32. Rg3 Rf5 33. h4 Rf4 34. h5
Rf1+ 35. Kh2 Rf4 36. g6 hxg6 37. hxg6 fxg6 38. Rxg6+ Kf8 39. g4 e5 40. Bxe5 Re4
41. Bc3 Re2+ 42. Kg1 Re3 43. Bb4+ Kf7 44. Rh6 1/2-1/2

[Event "Landsturneringen NM i sjakk 2013"]
[Site "Radisson Blu Lillehammer Hotel"]
[Date "2013.06.29"]
[Round "2"]
[White "Steinskog, Asbjørn O"]
[Black "Haugsrud, Håkon"]
[Result "0-1"]
[WhiteElo "1827"]
[BlackElo "1870"]
[PlyCount "82"]
[EventDate "2013.??.??"]

1. Nf3 d5 2. c4 c6 3. g3 Nf6 4. Bg2 e6 5. O-O Bd6 6. d4 Nbd7 7. b3 O-O 8. Bb2
Ne4 9. Nbd2 f5 10. Qc2 Qe8 11. e3 Rf6 12. Ne5 Rh6 13. Nxe4 Qh5 14. h3 fxe4 15.
Nxd7 Bxd7 16. Qd1 Qg5 17. h4 Qe7 18. Qg4 Rg6 19. Qe2 Rf8 20. a3 Rff6 21. b4 Rh6
22. Rac1 Rfg6 23. Rc2 Bb8 24. c5 Be8 25. b5 Qc7 26. a4 Rxg3 27. fxg3 Qxg3 28.
Qe1 Qh2+ 29. Kf2 Bg3+ 30. Ke2 Bxe1 31. Kxe1 Qg3+ 32. Rcf2 Rf6 33. Ke2 Rxf2+ 34.
Rxf2 Bd7 35. b6 axb6 36. cxb6 c5 37. Bf1 Bxa4 38. dxc5 Bb5+ 39. Ke1 Qxe3+ 40.
Be2 Qxc5 41. Rg2 Qb4+ 0-1

[Event "Landsturneringen NM i sjakk 2013"]
[Site "Radisson Blu Lillehammer Hotel"]
[Date "2013.06.29"]
[Round "2"]
[White "Lund, Terje"]
[Black "Snellingen, Jørn"]
[Result "0-1"]
[WhiteElo "1925"]
[BlackElo "1901"]
[PlyCount "106"]
[EventDate "2013.??.??"]

1. d4 Nc6 2. d5 Ne5 3. e4 e6 4. Bf4 Ng6 5. Bg3 Nf6 6. Bd3 Bc5 7. Nc3 a6 8. h4
h5 9. Nf3 d6 10. dxe6 Bxe6 11. Ng5 Ne5 12. Nxe6 Nxd3+ 13. cxd3 fxe6 14. Qb3 Qc8
15. d4 Ba7 16. e5 dxe5 17. dxe5 Ng4 18. Ne4 O-O 19. O-O Nh6 20. Ng5 Re8 21. Qf3
Rf8 22. Qxh5 Qe8 23. Qxe8 Raxe8 24. Rad1 Nf5 25. Kh2 Bd4 26. Rfe1 c5 27. b3
Nxg3 28. fxg3 Rf2 29. a4 Rb2 30. Rb1 b5 31. Rxb2 Bxb2 32. Re2 Bc1 33. Ne4 Rc8
34. Rc2 Be3 35. g4 c4 36. axb5 axb5 37. Nd6 Rc5 38. bxc4 Bf4+ 39. Kh3 b4 40.
Ne4 b3 41. Rf2 Rxc4 42. g3 Bxe5 43. Nd2 Rc3 44. Nf1 Rc2 45. Rf3 Bc3 46. Nd2
Bxd2 47. Rxb3 Rc3 48. Rb8+ Kh7 49. Re8 Bf4 50. h5 Rxg3+ 51. Kh4 Rg2 52. g5
Bxg5+ 53. Kh3 Re2 0-1

[Event "Landsturneringen NM i sjakk 2013"]
[Site "Radisson Blu Lillehammer Hotel"]
[Date "2013.06.29"]
[Round "2"]
[White "Nilsen, Martin"]
[Black "Johansen, Lars"]
[Result "1-0"]
[WhiteElo "1747"]
[BlackElo "1822"]
[PlyCount "63"]
[EventDate "2013.??.??"]

1. e4 c5 2. c3 Nf6 3. e5 Nd5 4. d4 cxd4 5. Nf3 Nc6 6. Bc4 e6 7. Bxd5 exd5 8.
O-O d6 9. Bf4 dxe5 10. Nxe5 Qf6 11. Re1 Be6 12. Nxc6 bxc6 13. Qa4 Kd7 14. Be5
Qg5 15. Qa6 Rc8 16. Qxa7+ Ke8 17. cxd4 Be7 18. Nc3 h5 19. Re3 h4 20. h3 Rh6 21.
Ne2 Qf5 22. Bxg7 Rg6 23. Be5 f6 24. Nf4 fxe5 25. Nxg6 Qxg6 26. Rxe5 Bd6 27. Re3
Rc7 28. Qa5 Re7 29. Rae1 Bf4 30. Qa8+ Kf7 31. Rf3 Qg5 32. Qb8
1-0

[Event "Landsturneringen NM i sjakk 2013"]
[Site "Radisson Blu Lillehammer Hotel"]
[Date "2013.06.29"]
[Round "2"]
[White "Stake-Larsen, Gunnar"]
[Black "Ski, Ole Johan"]
[Result "1/2-1/2"]
[WhiteElo "1857"]
[BlackElo "1812"]
[PlyCount "40"]
[EventDate "2013.??.??"]

1. d4 Nf6 2. c4 e6 3. Nc3 d5 4. Nf3 c6 5. e3 Nbd7 6. Bd3 b6 7. O-O Bd6 8. e4
dxe4 9. Nxe4 Nxe4 10. Bxe4 Bb7 11. Qe2 h6 12. Rd1 Qe7 13. Bc2 Nf6 14. b3 O-O
15. Bb2 Rad8 16. Ne5 c5 17. dxc5 Bxc5 18. Ng4 Nxg4 19. Qxg4 Qg5 20. Qxg5 hxg5
1/2-1/2

[Event "Landsturneringen NM i sjakk 2013"]
[Site "Radisson Blu Lillehammer Hotel"]
[Date "2013.06.29"]
[Round "2"]
[White "Christenson, Bjørn Aa"]
[Black "Rødvik, Trym Daniel"]
[Result "0-1"]
[WhiteElo "1771"]
[BlackElo "1869"]
[PlyCount "94"]
[EventDate "2013.??.??"]

1. e4 Nf6 2. e5 Nd5 3. d4 d6 4. Nf3 dxe5 5. Nxe5 c6 6. Bc4 Nd7 7. Qe2 Nxe5 8.
Qxe5 Nb4 9. Bb3 Qd6 10. Qxd6 exd6 11. a3 Na6 12. O-O Be6 13. Re1 Kd7 14. c4 Be7
15. Be3 Bf6 16. Nc3 Rhe8 17. Rac1 Bf5 18. Bc2 Bxc2 19. Rxc2 Bxd4 20. Rce2 Bf6
21. Na4 Re4 22. Rc2 Rae8 23. Rd1 Bg5 24. Nc3 R4e5 25. f4 Rxe3 26. fxg5 Re1+ 27.
Rxe1 Rxe1+ 28. Kf2 Re5 29. h4 Nc5 30. Kf3 Nb3 31. Kg4 a6 32. Rf2 Ke6 33. g3 b5
34. cxb5 axb5 35. Ne2 d5 36. Nf4+ Ke7 37. Rf3 Nd2 38. Rc3 Kd6 39. Rc2 Nc4 40.
Rf2 Re4 41. Kh3 Ne5 42. Nh5 d4 43. Nxg7 d3 44. Rf6+ Kc7 45. Nf5 d2 46. Rd6 Nc4
47. Rd3 Re1 0-1

[Event "Landsturneringen NM i sjakk 2013"]
[Site "Radisson Blu Lillehammer Hotel"]
[Date "2013.06.29"]
[Round "2"]
[White "Runde, Hans Arild"]
[Black "Haveland, Bjørn"]
[Result "1/2-1/2"]
[WhiteElo "1929"]
[BlackElo "1771"]
[PlyCount "83"]
[EventDate "2013.??.??"]

1. d4 Nf6 2. c4 g6 3. g3 d5 4. Nf3 Bg7 5. Bg2 O-O 6. cxd5 Nxd5 7. O-O b6 8. e4
Nb4 9. Qb3 a5 10. a3 N4a6 11. Be3 Bb7 12. Nc3 Nd7 13. Rfd1 e6 14. Bg5 Bf6 15.
Bxf6 Nxf6 16. Qc2 Qe7 17. e5 Nd5 18. Ne4 Rac8 19. Qe2 Rfd8 20. h4 h6 21. Nh2
Nb8 22. Qd2 Kg7 23. Ng4 Rh8 24. Nef6 Nd7 25. Nxd5 Bxd5 26. Bxd5 exd5 27. b4
axb4 28. axb4 b5 29. Ra7 Nb6 30. Nf6 Rhd8 31. Rda1 Ra8 32. Rxa8 Nxa8 33. Nxd5
Rxd5 34. Rxa8 Qd7 35. Qf4 Qf5 36. Qe3 Qg4 37. Rb8 c6 38. Rb7 Qxd4 39. Qxd4 Rxd4
40. e6 Kf6 41. exf7 Kg7 42. Rc7 1/2-1/2

[Event "Landsturneringen NM i sjakk 2013"]
[Site "Radisson Blu Lillehammer Hotel"]
[Date "2013.06.29"]
[Round "2"]
[White "Solbu, Lasse Tveter"]
[Black "Ali, Karim"]
[Result "1-0"]
[WhiteElo "1767"]
[BlackElo "1601"]
[PlyCount "67"]
[EventDate "2013.??.??"]

1. d4 f5 2. Nf3 Nf6 3. c4 e6 4. Nc3 Be7 5. Bg5 c6 6. e3 d5 7. Ne5 Nbd7 8. Bxf6
Nxf6 9. Bd3 Bd6 10. f4 Bd7 11. O-O O-O 12. Qf3 a6 13. Rad1 Ne4 14. g4 Bxe5 15.
dxe5 Nc5 16. Bb1 dxc4 17. gxf5 exf5 18. Rd6 Qe7 19. Rfd1 Be6 20. e4 Qf7 21. Qe2
fxe4 22. Nxe4 Nd3 23. Ng5 Nxf4 24. Bxh7+ Kh8 25. Nxf7+ Rxf7 26. Qe4 Nh3+ 27.
Kg2 Ng5 28. Rd8+ Rf8 29. Rxf8+ Rxf8 30. Qg6 Bh3+ 31. Kg3 Rf3+ 32. Kh4 Nxh7 33.
Rd8+ Nf8 34. Qh5+ 1-0